The John Quincy Adams Presidency - Statistics

General Stats
  • This quiz has been taken 563 times
  • The average score is 12 of 19
Answer Stats
Hint Answer % Correct
His parents {John} Adams
98%
Under James Monroe he served as this Secretary of {State}
93%
His home state Massachusetts
88%
His parents {Abigail} Adams
84%
His political opponent who won the popular vote Andrew Jackson
83%
His alma mater Harvard
81%
Appointed as U.S. Ambassador to these countries United Kingdom
80%
He was the last President of this political party Democratic-Republican
79%
Most of Adams's proposals were shot down by _______. Congress
72%
After his presidency, Adams became very critical of this practice Slavery
72%
Appointed as U.S. Ambassador to these countries Russia
68%
Helped create this museum and study center in D.C. {Smithsonian} Institution
57%
Appointed as U.S. Ambassador to these countries Netherlands
46%
His Vice President John C. Calhoun
41%
His Secretary of State Henry Clay
40%
First name of his wife (hint: starts with L) Louisa
40%
Appointed as U.S. Ambassador to these countries Prussia
38%
Animal he supposedly owned as a pet in the White House Alligator
37%
First public railroad constructed in the U.S. (Hint: Think of Monopoly) {B&O} Railroad
31%
No matching quizzes found
Score Distribution
Percent of People with Each Score
Percentile by Number Answered
Your Score History
You have not taken this quiz